• 首页
  • 本馆介绍
  • 公告通知
  • 最新文献
  • 馆藏检索
  • 电子资源
  • 读者导购
  • 参考咨询
  • 我的图书馆
  • 登录
  • 详细信息显示
  • 放入我的书架
  • 预约/预借图书
  • 作者相关作品
  • 分类相关作品
  • 丛书相关作品
  • 出版社相关作品

书目信息

  • 表格格式
  • 工作单格式
  • 卡片格式
题名:
儿科临床最新用药手册
    
 
作者: 裴连平 王玉主编
分册:  
出版信息: 北京   中国科学技术出版社  1995.05
页数: 338页
开本: 32开
丛书名:
单 册:
中图分类: R985-62
科图分类:
主题词: 药物学
电子资源:
ISBN: 7-5046-1807-1
000 00572nam0 2200181 45
001 9911301546
005 19991130154343.5
010    @a7-5046-1807-1@d10.80
100    @a19991130d1995 km y0chiy0120 ea
101    @achi
105    @a z 000yy
200 1  @a儿科临床最新用药手册@AEr Ke Lin Chuang Zui Xin Yong Yao Shou Ce@f裴连平 王玉主编@FPei Lian Ping Wang Yu Zhu Bian
210    @a北京@c中国科学技术出版社@d1995.05
215    @a338页@c无图表@d32开
606 0  @a药物学
690    @aR985-62@v3
801    @aCN@bPerfectUser@c19991130
905    @aBZT@b45578-587@f15@dR985-62@e1
    
    儿科临床最新用药手册/裴连平 王玉主编.-北京:中国科学技术出版社,1995.05
    338页:无图表;32开
    
    
    ISBN 7-5046-1807-1:10.80
    
●
相关链接 在五车中查询图书 在当当中查询图书 在豆瓣中查询图书


正题名:儿科临床最新用药手册     索取号:R985-62/1         预约/预借

序号 登录号 条形码 馆藏地/架位号 状态 备注
1 45578   200534145   中心书库中库/ 中库015架B面6列3层30/ [索取号:R985-62/1] 在馆    
2 45579   200549120   中心书库中库/ 中库015架B面6列3层29/ [索取号:R985-62/1] 在馆    
3 45580   200549139   中心书库中库/ 中库015架B面6列3层28/ [索取号:R985-62/1] 在馆    
4 45581   200549157   中心书库中库/ 中库015架B面6列3层33/ [索取号:R985-62/1] 在馆    
5 45582   200549148   中心书库中库/ 中库015架B面6列3层31/ [索取号:R985-62/1] 在馆    
6 45583   200549095   中心书库中库/ 中库015架B面6列3层25/ [索取号:R985-62/1] 在馆    
7 45584   200549102   中心书库中库/ 中库015架B面6列3层26/ [索取号:R985-62/1] 在馆    
8 45585   200549111   中心书库中库/ 中库015架B面6列3层27/ [索取号:R985-62/1] 在馆    
9 45586   200534154   中心书库中库/ 中库015架B面6列3层36/ [索取号:R985-62/1] 在馆    
10 45587   200534136   中心书库中库/ 中库015架B面6列3层22/ [索取号:R985-62/1] 在馆    
11 46319   200549166   中心书库中库/ 中库015架B面6列3层32/ [索取号:R985-62/1] 在馆    
12 46320   200549175   中心书库中库/ 中库015架B面6列3层34/ [索取号:R985-62/1] 在馆    
13 46321   200549184   中心书库中库/ 中库015架B面6列3层35/ [索取号:R985-62/1] 在馆    
14 46322   200549200   中心书库中库/ 中库015架B面6列3层23/ [索取号:R985-62/1] 在馆    
15 46323   200549193   中心书库中库/ 中库015架B面6列3层24/ [索取号:R985-62/1] 在馆    
山东省滨州职业学院图书馆 欢迎您!
大连网信软件有限公司© 版权所有